|
|
|
|
| LEADER |
00000cam a2200000 a 4500 |
| 001 |
vtls011467326 |
| 003 |
SK-MaSNL |
| 005 |
20260301220011.0 |
| 008 |
160119s2001 ru abo rn 000 0 rus |
| 020 |
|
|
|a 5020087246
|q (viazané)
|
| 040 |
|
|
|a SNK
|b slo
|c SNK
|e AACR2
|
| 041 |
0 |
|
|a rus
|
| 043 |
|
|
|a e-ru---
|
| 044 |
|
|
|a ru
|c RU
|
| 072 |
|
7 |
|a 39
|x Etnológia. Etnografia. Folklór
|2 konspekt
|
| 080 |
|
|
|a (470.41)
|2 2011
|
| 080 |
|
|
|a (048.8)
|2 2011
|
| 080 |
|
|
|a 39
|2 2011
|
| 080 |
|
|
|a (=512.145)
|2 2011
|
| 245 |
0 |
0 |
|a Tatary
|c otvetstvennyje redaktory: R. K. Urazmanova, S. V. Češko
|
| 260 |
|
|
|a Moskva
|b Nauka
|c 2001
|
| 300 |
|
|
|a 582 s., [16] s. obr. príl.
|b fotogr., ilustr., mp., noty
|c 25 cm
|
| 490 |
|
|
|a Narody i kul'tury
|
| 504 |
|
|
|a Bibliogr. odkazy
|
| 650 |
0 |
7 |
|a Tatári
|x etnografia
|2 SNKPH
|9 606545
|
| 650 |
0 |
7 |
|a Tatars
|x Ethnography
|2 SNKPHeng
|9 606546
|
| 650 |
0 |
7 |
|a Tatári
|x dejiny
|2 SNKPH
|9 606547
|
| 650 |
0 |
7 |
|a Tatars
|x history
|2 SNKPHeng
|9 606548
|
| 651 |
|
7 |
|a Tatársko (Rusko)
|2 SNKPH
|9 218549
|
| 651 |
|
7 |
|a Tatarstan (Russia)
|2 SNKPHeng
|9 606549
|
| 655 |
|
7 |
|a monografie
|2 SNKPH
|9 70139
|
| 655 |
|
7 |
|a Monographs
|2 SNKPHeng
|9 120675
|
| 700 |
1 |
|
|a Urazmanova, R. K.
|4 edt
|9 606550
|
| 700 |
1 |
|
|a Češko, S. V.
|4 edt
|9 606551
|
| 710 |
2 |
|
|a Institut etnologii i antropologii im. N. N. Miklucho-Maklaja (Rossijskaja akademija nauk)
|4 pbl
|9 606552
|
| 710 |
2 |
|
|a Tarikh instituty (Tatarstan fănnăr akademijase)
|4 pbl
|9 606553
|
| 830 |
|
0 |
|a Narody i kul'tury
|9 419021
|
| 919 |
|
|
|a 5-02-008724-6
|
| 958 |
|
|
|a NB
|
| 999 |
|
|
|c 930248
|d 932178
|
| 952 |
|
|
|a SNK
|b SNK
|y VYP
|7 0
|p 17A1177910
|o snkIC 142350
|i snk2016/1797
|8 2
|g 27.49
|0 0
|1 0
|4 0
|d 2016-01-19
|l 0
|r 2026-02-24 08:46:04
|w 2026-02-24
|